000 01796cam a2200181 4500500
005 20251228095027.0
041 _afre
042 _adc
100 1 0 _aLe Moing, Monique
_eauthor
245 0 0 _aEduardo Lourenço, Do Brasil. Fascínio e Miragem (organisé par Maria de Lourdes Soares), Lisbonne, Gradiva, 2015, 269 pages
260 _c2016.
500 _a30
520 _aL’attente accompagne ou conditionne la plupart des activités humaines. Dans le cas des sciences exactes, les attributs de l’attente se déduisent de la nature particulière, scientifique, de cette activité. L’auteur présente ici, aussi simplement que possible, l’expérience qu’il a de cette attente, en tant que chercheur actif dans le domaine de la physique, et plus particulièrement de la physique des systèmes vivants.
520 _aWaiting occurs along with most human activities, which it may affect. In the case of the exact sciences, the characteristics of waiting can be deduced from the specific scientific nature of a given type of human activity. The author’s experience of waiting as a researcher who is active in the field of physics of living systems will be presented here as simply as possible.
520 _aA espera acompanha e condiciona a maior parte das actividades humanas. No caso das ciências exactas, as características da espera prendem-se com a natureza singular, científica, desta actividade. De uma forma tão simples quanto possível, o autor deste artigo partilha a sua experiência da espera enquanto investigador no domínio da física e, mais especificamente, da física dos sistemas vivos.
786 0 _nSigila | 37 | 1 | 2016-03-01 | p. 207b-210b | 1286-1715
856 4 1 _uhttps://shs.cairn.info/revue-sigila-2016-1-page-207b?lang=fr&redirect-ssocas=7080
999 _c1605366
_d1605366